LEADER 01072nam a2200241 u 4500 001 000000052311 003 CaOOAMICUS 005 20070226115432.0 008 001013s1953 it u000 u ita u 035 $a10858187 040 $aPUL(R)$bita 100 0 $aArduino da Bergamo,$cO.F.M.Cap.$0(OLS)http://pul/name/37396 245 10$aEfficacia civile in Italia delle sentenze ecclesiastiche matrimoniali pronunciate all'estero /$cArduino da Bergamo. 260 $aMilano :$bLux de Cruce,$c1953. 300 $axiv, 123 p. ;$c25 cm 500 $aInclude indice. 504 $aBibliografia: p. [xi]-xiv. 650 4$aMatrimonio (diritto canonico)$zItalia.$0(OLS)http://pul/subject/21820 850 $aPUL 852 $aPUL$W1$xDP1 Fondo Ciprotti$y59$m1543 D 17$j69206$nBK-PRI$b $qFondi$B69206$CPULBib$Z2$F69206 $H $81 941 1 $a1 996 $6245$aEfficacia civile in Italia delle sentenze ecclesiastiche matrimoniali pronunciate all'estero$9(OLS)http://pul/title/70193 996 $6260$aMilano :$bLux de Cruce$9(OLS)http://pul/publisher/68259 LEADER 01744nam a2200325 u 4500 001 000000056386 003 CaOOAMICUS 005 20070226120452.0 008 010405s2000 it u000 u ita u 020 $a8832438321 035 $a10871373 040 $aPUL$bita 100 1 $aPropersi, Adriano.$0(OLS)http://pul/name/39550 245 14$aGli enti "non profit" in Italia :$bassociazioni, fondazioni, comitati, club, mutue, Onlus, organizzazioni di volontariato, cooperative sociali, associazioni sportive dilettantistiche, circoli aziendali : casi e quesiti /$cAdriano Propersi, Giovanna Rossi. 260 $aMilano :$bIl Sole 24 ore,$c2000. 300 $axlii, 529 p. ;$c25 cm. +$e[1] dischetto 490 1 $aSocietà 500 $aContiene indici. 504 $aBibliografia in nota. 650 4$aEnti non economici$xDiritto e legislazione$zItalia.$0(OLS)http://pul/subject/22690 650 4$aVolontariato$xDiritto e legislazione$zItalia.$0(OLS)http://pul/subject/8183 700 1 $aRossi, Giovanna.$0(OLS)http://pul/name/39551 830 0$aSocietà (Il Sole 24 ore).$0(OLS)http://pul/title/75418 850 $aPUL 852 $aPUL$W1$xDP1 Diritto Canonico 2$y88$mDCan 1$j73966$nBK-PRI$b $qStampati altre collocazioni$B73966$CPULBib$Z2$F73966 $H $81 941 1 $a10 961 $aINV: 84764 996 $6020$a8832438321$9(OLS)http://pul/number/71085 996 $6245$aGli enti "non profit" in Italia :$bassociazioni, fondazioni, comitati, club, mutue, Onlus, organizzazioni di volontariato, cooperative sociali, associazioni sportive dilettantistiche, circoli aziendali : casi e quesiti$9(OLS)http://pul/title/75417 996 $6260$aMilano :$bIl Sole 24 ore$9(OLS)http://pul/publisher/69212